<?xml version="1.0" encoding="UTF-8"?>
<collection xmlns="http://www.loc.gov/MARC21/slim">
 <record>
  <leader>03446nam a2200301 a 4500</leader>
  <controlfield tag="001">1/48379</controlfield>
  <controlfield tag="008">190205s2018    gr       b    00110 gre  </controlfield>
  <datafield tag="020" ind1=" " ind2=" ">
   <subfield code="a">9789600233773</subfield>
  </datafield>
  <datafield tag="035" ind1=" " ind2=" ">
   <subfield code="l">51376</subfield>
  </datafield>
  <datafield tag="040" ind1=" " ind2=" ">
   <subfield code="a">GR-PeUP</subfield>
  </datafield>
  <datafield tag="082" ind1="0" ind2="0">
   <subfield code="a">327.2 ΠΑΠ</subfield>
  </datafield>
  <datafield tag="100" ind1="1" ind2=" ">
   <subfield code="a">Παπαστάμου, Ανδρέας.</subfield>
  </datafield>
  <datafield tag="245" ind1="1" ind2="0">
   <subfield code="a">Οικονομική διπλωματία :</subfield>
   <subfield code="b">από τη θεωρία στην πράξη /</subfield>
   <subfield code="c">Ανδρέας Ν. Παπαστάμου.</subfield>
  </datafield>
  <datafield tag="260" ind1="0" ind2=" ">
   <subfield code="a">Αθήνα :</subfield>
   <subfield code="b">Εκδόσεις Παπαζήση,</subfield>
   <subfield code="c">2018.</subfield>
  </datafield>
  <datafield tag="300" ind1=" " ind2=" ">
   <subfield code="a">562 σ. :</subfield>
   <subfield code="b">πίν. ;</subfield>
   <subfield code="c">21 εκ.</subfield>
  </datafield>
  <datafield tag="500" ind1=" " ind2=" ">
   <subfield code="a">Περιεχόμενα: Πρόλογος: Γιώργος Κουμουτσάκος, Χριστίνα Σακελλαρίδη, Ιωάννης Τζεν, Ειρήνη Χειλά, Dr. Gerd Duckelmann-Dublany. Πρόλογος συγγραφέα. Κεφάλαιο 1. Προκλήσεις και ανάγκες. 1.1. Τα όρια της κλασικής διπλωματίας. 1.2. Η διπλωματική εκπροσώπηση μετά τον Ψυχρό Πόλεμο. 1.3. Ένα νέο τοπίο. 1.4. Γιατί μας ενδιαφέρει η οικονομική διπλωματία; 1.5. Για μια θεωρία της οικονομικής διπλωματίας. 1.6. Οικονομική διπλωματία για λιγότερες εντάσεις 1.7. Το πολύπτυχο της οικονομικής διπλωματίας Κεφάλαιο 2. Η Στρατηγική 2.1. Το συναίσθημα στην υπηρεσία της διπλωματίας: Τα Panda. 2.2. Η &quot;ήρεμη δύναμη&quot; του Τζόζεφ Νάι. 2.3. Η εξωτερική πολιτική ως διαδικασία λήψης αποφάσεων 2.4. Από τη στρατηγική των επιχειρήσεων στην οικονομική διπλωματία. 2.5. Επίλογος στα μοντέλα επιχειρηματικής στρατηγικής. Κεφάλαιο 3. Τα Μέσα. 3.1. Εμπορικά και οικονομικά μέσα. Αντί επιλόγου. Σημειώσεις. Βιβλιογραφία. Ευρετήριο όρων. Ευρετήριο ονομάτων. Ευρετήριο γεωγραφικών τόπων. Ευρετήριο εταιρειών.</subfield>
  </datafield>
  <datafield tag="504" ind1=" " ind2=" ">
   <subfield code="a">Περιλαμβάνει βιβλιογραφικές παραπομπές (σ. [391]-533) και ευρετήρια.</subfield>
  </datafield>
  <datafield tag="650" ind1=" " ind2="4">
   <subfield code="a">Διπλωματία.</subfield>
  </datafield>
  <datafield tag="650" ind1=" " ind2="4">
   <subfield code="a">Διεθνείς οικονομικές σχέσεις.</subfield>
  </datafield>
  <datafield tag="650" ind1=" " ind2="4">
   <subfield code="a">Diplomacy.</subfield>
  </datafield>
  <datafield tag="650" ind1=" " ind2="4">
   <subfield code="a">International economic relations.</subfield>
  </datafield>
  <datafield tag="651" ind1=" " ind2="4">
   <subfield code="a">Ελλάδα</subfield>
   <subfield code="x">Εξωτερικές οικονομικες σχέσεις.</subfield>
  </datafield>
  <datafield tag="852" ind1=" " ind2=" ">
   <subfield code="a">INST</subfield>
   <subfield code="b">UNIPILB</subfield>
   <subfield code="c">EUDOXOS</subfield>
   <subfield code="e">20190205</subfield>
   <subfield code="h">327.2 ΠΑΠ</subfield>
   <subfield code="p">00180458</subfield>
   <subfield code="q">00180458</subfield>
   <subfield code="t">CLOCOL</subfield>
   <subfield code="y">0</subfield>
   <subfield code="4">1</subfield>
  </datafield>
  <datafield tag="852" ind1=" " ind2=" ">
   <subfield code="a">INST</subfield>
   <subfield code="b">UNIPILB</subfield>
   <subfield code="c">EUDOXOS</subfield>
   <subfield code="e">20190205</subfield>
   <subfield code="h">327.2 ΠΑΠ</subfield>
   <subfield code="p">00180459</subfield>
   <subfield code="q">00180459</subfield>
   <subfield code="t">CLOCOL</subfield>
   <subfield code="y">0</subfield>
   <subfield code="4">2</subfield>
  </datafield>
  <datafield tag="852" ind1=" " ind2=" ">
   <subfield code="a">INST</subfield>
   <subfield code="b">UNIPILB</subfield>
   <subfield code="c">EUDOXOS</subfield>
   <subfield code="e">20190205</subfield>
   <subfield code="h">327.2 ΠΑΠ</subfield>
   <subfield code="p">00180460</subfield>
   <subfield code="q">00180460</subfield>
   <subfield code="t">CLOCOL</subfield>
   <subfield code="y">0</subfield>
   <subfield code="4">3</subfield>
  </datafield>
  <datafield tag="852" ind1=" " ind2=" ">
   <subfield code="a">INST</subfield>
   <subfield code="b">UNIPILB</subfield>
   <subfield code="c">EUDOXOS</subfield>
   <subfield code="e">20190228</subfield>
   <subfield code="h">327.2 ΠΑΠ</subfield>
   <subfield code="p">00180752</subfield>
   <subfield code="q">00180752</subfield>
   <subfield code="t">CLOCOL</subfield>
   <subfield code="y">0</subfield>
   <subfield code="4">4</subfield>
  </datafield>
  <datafield tag="852" ind1=" " ind2=" ">
   <subfield code="a">INST</subfield>
   <subfield code="b">UNIPILB</subfield>
   <subfield code="c">EUDOXOS</subfield>
   <subfield code="e">20190228</subfield>
   <subfield code="h">327.2 ΠΑΠ</subfield>
   <subfield code="p">00180753</subfield>
   <subfield code="q">00180753</subfield>
   <subfield code="t">CLOCOL</subfield>
   <subfield code="y">0</subfield>
   <subfield code="4">5</subfield>
  </datafield>
  <datafield tag="852" ind1=" " ind2=" ">
   <subfield code="a">INST</subfield>
   <subfield code="b">UNIPILB</subfield>
   <subfield code="c">EUDOXOS</subfield>
   <subfield code="e">20190228</subfield>
   <subfield code="h">327.2 ΠΑΠ</subfield>
   <subfield code="p">00180754</subfield>
   <subfield code="q">00180754</subfield>
   <subfield code="t">CLOCOL</subfield>
   <subfield code="y">23</subfield>
   <subfield code="4">6</subfield>
  </datafield>
 </record>
</collection>
